| 000 | 00691nam a2200169Ia 4500 | ||
|---|---|---|---|
| 008 | 090711s9999 xx 000 0 und d | ||
| 082 | _b1648 | ||
| 100 | _aभोपटकर अलका | ||
| 245 | _aविजया राजाध्यक्ष यांSो कथाविश्व | ||
| 260 |
_bचंद्रकला प्रकाशन _c2001 |
||
| 300 | _a183 | ||
| 600 | _aभोपटकर अलका | ||
| 630 | _aविजया राजाध्यक्ष यांSो कथाविश्व | ||
| 700 | _aभोपटकर अलका | ||
| 730 | _aविजया राजाध्यक्ष यांSो कथाविश्व | ||
| 942 | _cBOOK | ||
| 999 |
_c339043 _d339040 |
||